000 00740cam a2200181 a 4500
082 0 0 _a624.252
_bSTR
245 0 0 _aStrength evaluation of existing concrete bridges /
_cTony C. Liu, editor.
260 _aDetroit (P.O. Box 19150, Detroit 48219) :
_bAmerican Concrete Institute,
_cc1985.
300 _av, 262 p. :
_bill. ;
_c23 cm.
490 1 _aSP ;
500 _aPapers from two symposia sponsored by ACI Committee 437--Strength Evaluation of Existing Concrete Structures.
526 _a0
_b0
_c0
_d624_252000000000000_STR
650 0 _aConcrete bridges
_xTesting
_943352
650 0 _aMCE
_9379
700 1 _aLiu, Tony C.
_946627
710 2 _aACI Committee 437--Strength Evaluation of Existing Concrete Structures.
_946628
942 _2ddc
_cBK
999 _c549916
_d549916